Gaming Quiz

Random Gaming or Typing Quiz

Odd One Out: Pokémon (Gen. 1) Quiz Stats

 Plays Quiz not verified by Sporcle

Challenge
Share
Tweet
Embed
Score 0/13 Timer 01:30
1 Play Today
Question Answer Wrong Answers
Electric Mewtwo
87.1%
Magnemite
3%
Raichu
1.5%
Jolteon
1.2%
Fire Koffing
86%
Moltres
2%
Growlithe
3%
Flareon
1.3%
Fighting Marowak
83.1%
Primeape
5.1%
Hitmonchan
1.4%
Machop
2.4%
Water Dratini
82.5%
Squirtle
1.6%
Horsea
1.7%
Golduck
5.9%
Bug Gloom
79.4%
Caterpie
2.4%
Parasect
4.1%
Pinsir
6.8%
Normal Nidoran
75.4%
Persian
4.4%
Snorlax
3.6%
Chansey
9.3%
Flying Gengar
74.9%
Gyarados
7.9%
Scyther
6.2%
Dragonite
3.6%
Psychic Clefairy
73.7%
Exeggutor
13.2%
Mr. Mime
3.4%
Alakazam
2.1%
Poison Cloyster
72.4%
Ivysaur
9.5%
Zubat
7.5%
Muk
3%
Ice Shellder
69.6%
Articuno
2.6%
Jynx
12.7%
Dewgong
7.6%
Rock Dugtrio
68.6%
Golem
3.1%
Aerodactyl
13.7%
Kabutops
7.1%
Grass Venonat
67.1%
Tangela
7.2%
Bellsprout
2.4%
Paras
15.3%
Ground Nidorino
65.8%
Sandshrew
3.4%
Onix
18.6%
Rhyhorn
5.1%

You're not logged in!

Compare scores with friends on all Sporcle quizzes.
OR
Log In

You Might Also Like...

Show Comments

Extras

Top Quizzes Today


Score Distribution

Your Account Isn't Verified!

In order to create a playlist on Sporcle, you need to verify the email address you used during registration. Go to your Sporcle Settings to finish the process.

Report this User

Report this user for behavior that violates our Community Guidelines.

Details: